LEADER 00976nam0-2200313---450 001 990008568290403321 005 20190529131440.0 035 $a000856829 035 $aFED01000856829 035 $a(Aleph)000856829FED01 035 $a000856829 100 $a20071022d1923----km-y0itay50------ba 101 0 $aeng 102 $aUS 105 $ay-------001yy 200 1 $aAnnual report of the director of the Department of genetics$fCarnegie institution of Washington 210 $aWashington$c[s.n.]$d1923 215 $ap. 87-128$d25 cm 300 $aExtracted from: Carnegie Institution year book, n. 22, 1923 610 0 $aGenetica vegetale 676 $a581.15$v20$zita 710 02$aCarnegie Institution of Washington$0304679 801 0$aIT$bUNINA$gRICA$2UNIMARC 901 $aLG 912 $a990008568290403321 952 $a60 Op. 162/18$fFAGBC 959 $aFAGBC 996 $aAnnual report of the director of the Department of genetics$9711560 997 $aUNINA LEADER 00942nam a2200253 i 4500 001 991001239939707536 008 050920s1990 us 001 0 eng d 020 $a0226111016 035 $ab13341662-39ule_inst 040 $aDip.to Studi Giuridici$bita 082 0 $a338.51 100 1 $aCoase, Ronald Harry $0122304 245 14$aThe firm, the market and the law / R. H. Coase 260 $aChicago ;$aLondon :$bThe university of Chicago,$c1990 300 $avii, 217 p. ;$c22 cm 504 $aInclude riferimenti bibliografici e note 650 4$aEconomia industriale$xTeorie 650 4$aCapitalismo$xTeorie 907 $a.b13341662$b21-09-06$c04-10-05 912 $a991001239939707536 945 $aLE027 338.51 COA01.01$g1$i2027000148189$lle027$o-$pE28.00$q-$rl$s- $t0$u1$v0$w1$x0$y.i14132503$z04-10-05 996 $aFirm, the market and the law$9770173 997 $aUNISALENTO 998 $ale027$b20-09-05$cm$da $e-$feng$gus $h4$i0